000 01406nam a2200133Ia 4500
008 220615s9999||||xx |||||||||||||| ||und||
020 _a9783040000000
245 0 _aPilgrimage and Religious Mobilization in Europe
546 _aEnglish[eng]
650 _apilgrimage||Way of St. James||religion||lived religion||geopolitics||Catholic Church||Europe||materiality||politics||ideology||Virgin Mary||catholic pilgrimages||Mexican Catholicism||papacy||Roman Question||ultramontanism||Latin America||mobilization||internet||John Paul II||Benedict XVI||Francis||soft power||Marian apparition||Marian pilgrimage||Fatima||Pope Paul VI||Pope John Paul II||Pope Benedict XVI||Pope Francis||communion||protest||Romania||transformation||spiritual routes||Via Francigena||contemporary pilgrimage||St. Peter Apostle||St. Francis of Assisi||Mediterranean routes||learning walks||hiking||socio-educational pilgrimage||delinquency||young offenders||Camino de Santiago||pilgrimages||marriage||family||Poland||pilgrims||German-speaking||religiosity||spirituality||multidimensional structure of religiosity||centrality of religiosity scale||religious self-concept||spiritual self-concept||tourism||charismatic objects||Oberammergau||Passion Play||relics||Karol Wojtyła||dignity of the person||truth||freedom||conscience
700 _aBarbato, Mariano P.
856 _uhttps://mdpi.com/books/pdfview/book/5207
942 _cEB
999 _c15442
_d15442